000 00779nam a2200241 a 4500
001 45549
003 BD-RjUL
005 20211209054030.0
008 270716m19721967ne a b 000 0 eng
035 _a(BD-RjUL)45667
040 _aLC
_beng
_cLC
_dABN-SNR
_dBD-RjUL
041 _aeng
082 0 4 _a338.911724
_223
_bHAL 1972
100 1 _aHansen, Bent
_d1920-
_9139429
245 1 0 _aLong and short-term planning in underdeveloped countries /
_cBent Hansen
250 _a1st ed.
260 _aAmsterdam,
_bNorth-Holland Pub. Co.
_c1967,[2nd printing 1972]
300 _axii, 61 p. :
_bill ;
_c19 cm.
650 0 _aFinance
_zDeveloping countries.
_9133984
650 0 _aEconomic policy.
_9139431
942 _2ddc
_cBK
999 _c45549
_d45549